000 00712 a2200181 4500
003 Nust
005 20170207153212.0
040 _cNust
082 _a005.1
100 _aNemati, Jamshaid Rehan (MSCS-11)
245 _aBiometric fingerprint verification using bank of gabor and log gabor filters
_cRehan Jamshaid Nemati
260 _bMCS
_cMay 2008
300 _a100 p.
505 _aIntroduction (page-1), Literature review (page-4), Filter bank based fingerprint matching (page-12), Analysis and design (page-17), Implementation (page-38), Experimental results and evaluation (page-62), Conclusion and future work (page-92).
538 _aAlmirah No 73 Shelf No 2
650 _aMSCS Thesis
651 _aMSCS-11
942 _cTHS
999 _c181411
_d181411